Thus spake Kirpal : (Record no. 42791)

MARC details
000 -LEADER
fixed length control field 00651nam a22001937a 4500
005 - DATE AND TIME OF LATEST TRANSACTION
control field 20100820162458.0
010 ## - LCCN (DPL NO)
LC control number ENG-101079
020 ## - INTERNATIONAL STANDARD BOOK NUMBER
Terms of availability 80.00
035 ## - SYSTEM CONTROL NUMBER
System control number EN-84612
037 ## - SOURCE OF ACQUISITION
Source of stock number/acquisition DBAD/PUB
082 ## - DEWEY DECIMAL CLASSIFICATION NUMBER
Classification number 239.1
245 ## - TITLE STATEMENT
Title Thus spake Kirpal :
Remainder of title experts from talks of master Kirpal Singh /
260 ## - PUBLICATION, DISTRIBUTION, ETC. (IMPRINT)
Place of publication, distribution, etc Indore
Name of publisher, distributor, etc Kirpal Sewashram
Date of publication, distribution, etc 2007
270 ## - ADDRESS
Address Plot 5-A, Scheme 71-C
City Indore
Postal code 452009
300 ## - PHYSICAL DESCRIPTION
Extent 206p.
Dimensions 22cm (pbk)
650 ## - SUBJECT ADDED ENTRY--TOPICAL TERM
Topical term or geographic name as entry element Satsang
942 ## - ADDED ENTRY ELEMENTS (KOHA)
Source of classification or shelving scheme Dewey Decimal Classification
Item type English Books
Classification part 239.1
Call number suffix THU
Holdings
Withdrawn status Lost status Not for loan Collection code Home library Current library Date acquired Source of acquisition Cost, normal purchase price Full call number Barcode Copy number Cost, replacement price Koha item type
    Not For Loan Non-fiction D.B.Act.Division D.B.Act.Division 20/08/2010 DBAD/PUB 80.00 239.1 THU EN-84612 1 80.00 English Books

© Delhi Public Library
Hit Counter
free hit counter